000 00642nam a2200241Ia 4500
003 OSt
005 20220924114545.0
006 a|||||r|||| 00| 0
007 ta
008 220923b |||||||| |||| 00| 0 ara d
024 _a337199
037 _cTextual
040 _aARTS
_cARTS
_bara
041 _2ara
_aara
082 _aO28,1D4SH,1, K8
100 _aShanfari Au.
_9174236
245 0 _aLimitato-al-Arab
260 _aBeirut
_bManshoorat-dar maktaba Lebanon
_c1968
300 _a86p.
_ccm.
650 _aARABIC POETRY
942 _hO28,1D4SH,1, K8
_cTEXL
_2CC
999 _c394186
_d394186